Ekologická politika Čínskej ľudovej republiky

Ekologické problémy súčasnej Číny a charakteristika legislatívy v tejto oblasti. Pozitívne možnosti riešenia tejto problematiky na príklade Hongkongu a synergické efekty vzájomnej spolupráce medzi pevninskou Čínou a Hongkongom.

Enregistré dans:
Détails bibliographiques
Auteur principal: Dziura, Boris, 1976-
Format: Chapitre de livre
Langue:slovaque
Sujets:
Tags: Ajouter un tag
Pas de tags, Soyez le premier à ajouter un tag!

MARC

LEADER 00000nla a2200000 4500
001 0213784
005 20240502073553.2
041 0 |a slo 
044 |a SK 
245 1 0 |a Ekologická politika Čínskej ľudovej republiky  |c Boris Dziura 
520 |a Ekologické problémy súčasnej Číny a charakteristika legislatívy v tejto oblasti. Pozitívne možnosti riešenia tejto problematiky na príklade Hongkongu a synergické efekty vzájomnej spolupráce medzi pevninskou Čínou a Hongkongom. 
610 2 0 |a Čína 
610 2 0 |a politika environmentálna 
610 2 0 |a legislatíva 
610 2 0 |a ochrana prostredia životného 
100 1 |a Dziura, Boris, 1976-